000
00341cam a2200157ua 4500
001
304
008
120630n II |||gr||||Z||||||eng
040
_a
MAIN
041
_a
English
082
_a
330.9 GUP
100
_a
GUPTA, DAS.
245
_a
ECONOMIC & COMMERCIAL GEOGRAPHY
260
_a
[s.l]:
_b
XXX
300
_a
000.:
_c
20CM.
942
_c
BK
999
_c
304
_d
304